000 00410nam a2200145Ia 4500
999 _c9491
_d9491
020 _a8174882871
082 _aRR 324.203 ENC-
245 0 _aEncyclopaedia of political parties
260 _aNew Delhi
_bAnmol Publications
_c1996
500 _acontents: 101 Vols.
650 _aIndia
_vPolitical Parties
_vEncyclopedias
650 _aPolitical Science
_vEncyclopedias
700 _aRalhan, O. P.
942 _cBK
_2ddc